Les 10 joueurs stars de la ligue 1 cette saison - Statistiques

Statistiques générales
  • Ce quiz a été pris 133 fois
  • Le résultat moyen est 4 sur 10
Statistiques - réponses
Joueur % Correct
Kylian Mbappé
100%
Neymar
81%
Alexandre Lacazette
64%
Pierre-Emerick Aubameyang
47%
Jonathan David
37%
Brice Samba
20%
Steve Mandanda
8%
Samuel Umtiti
4%
Wissam Ben Yedder
2%
Téji Savannier
0%
Aucun quiz correspondant
Distribution des résultats
% des personnes avec chaque résultat
Percentile par nombre de réponses
Votre historique - résultats
Vous n’avez pas pris ce quiz